Países que não aceitam dupla cidadania - Statistics

Estatísticas Gerais
  • Esse quiz foi jogado 27 vezes
  • A pontuação média é 18 de 46
Estatísticas das Respostas
Continente Países % Correto
Ásia China
77%
Ásia Coreia do Norte
77%
Ásia Japão
68%
Ásia Arábia Saudita
59%
Ásia Índia
59%
África RD Congo
59%
Américas Cuba
55%
Europa Bósnia e Herzegovina
50%
África Eritreia
50%
África Etiópia
50%
Ásia Catar
45%
Ásia Irã
45%
Ásia Laos
45%
África Líbia
41%
Ásia Omã
41%
Ásia Singapura
41%
Europa Andorra
36%
Ásia Azerbaijão
36%
África Botswana
36%
Ásia Brunei
36%
África Guiné
36%
África Guiné Equatorial
36%
Ásia Indonésia
36%
Ásia Kuwait
36%
Ásia Malásia
36%
Ásia Nepal
36%
África Senegal
36%
Europa Áustria
32%
Ásia Butão
32%
Ásia Cazaquistão
32%
Europa Croácia
32%
Europa Eslováquia
32%
Europa Eslovênia
32%
África Mauritânia
32%
Europa Mônaco
32%
Europa San Marino
32%
África Camarões
27%
Europa Espanha
27%
Europa Estônia
27%
África Tanzânia
27%
Europa Lituânia
23%
Ásia Uzbequistão
23%
Europa Países Baixos
18%
Américas Suriname
18%
África Togo
14%
África Eswatini
9%
Nenhum quiz correspondente encontrado
Distribuição das Pontuações
Porcentagem de Pessoas com Cada Pontuação
Percentil de Números Respondidos
Sua Pontuação Histórica
Você não jogou esse quiz